Creatividad, S.A.: cómo llevar la inspiración hasta el infinito y más allá

Uloženo v:
Podrobná bibliografie
Hlavní autor: Catmull, Ed (Autor)
Médium: Kniha
Jazyk:španělština
Vydáno: Buenos Aires Conecta 2015
Vydání:1a. ed
Témata:
Tagy: Přidat tag
Žádné tagy, Buďte první, kdo vytvoří štítek k tomuto záznamu!

MARC

LEADER 00000cam a2200000 a 4500
001 UCE7074
003 CL-VaPUC
008 150529e20150000ag |||||||||||||||||spa|d
020 |a 9789871941148 
082 0 4 |a 658.57  |b CAT  |2 21 
100 0 |a Catmull, Ed  |e author  |9 579802 
245 1 0 |a Creatividad, S.A.: cómo llevar la inspiración hasta el infinito y más allá 
250 |a 1a. ed 
300 |a 363 p 
942 |c BK 
945 |d 20150529 15:00:00  |a cmena 
260 |a Buenos Aires  |b Conecta  |c 2015 
650 0 |a Creatividad   |9 310816 
650 7 |a TRABAJO EN EQUIPO  |2 CL-VaPUC  |9 393025 
650 0 |a Planificación estratégica   |9 259735 
583 |a last modification  |c 20150529 15:00:00  |k Rodrigo Vera 
999 |c 359215  |d 359213 
952 |0 0  |1 0  |3 erb  |4 0  |6 658_570000000000000_CAT_2015  |7 0  |8 A  |9 468336  |a BIBENE  |b BIBENE  |i 5146550  |l 1  |o 658.57 CAT 2015  |p 5146550  |r 2025-01-15  |s 2022-09-08  |w 2019-11-23  |y BK  |z Catalogado en:20150529  |k ICO